| 000 | 00819cam a2200253 4500 | ||
|---|---|---|---|
| 001 | J349 | ||
| 008 | 090401t1985 xxu||||| |||| 00| 0 eng d | ||
| 035 | _a(Sirsi) u74512 | ||
| 041 | _aeng | ||
| 050 |
_a692.9 _c18 |
||
| 090 | _aJCT 1985/1A | ||
| 110 |
_aJoint Contracts Tribunal _93664 |
||
| 245 | 4 | _aThe sub-contract conditions for use with the Domestic sub-contract IN/SC articles of agreement. First edition 1985 | |
| 260 |
_aLondon _bBEC _c1985 |
||
| 300 |
_aii,39p. _c30cm. |
||
| 350 | _a0 | ||
| 650 | _aDOMESTIC SUBCONTRACTS | ||
| 650 | _aCONSTRUCTION CONFEDRATION DOMESTIC SUBCONTRACT IN/SC (1985 EDITION) | ||
| 650 | _aJCT INTERMEDIATE FORM OF BUILDING CONTRACT (1984 EDITION) | ||
| 650 | _aSUBCONTRACTS | ||
| 690 | _aBUILT ENVIRONMENT-BUILDING CONTRACT FORMS | ||
| 942 | _n0 | ||
| 948 | _c04/03/1997 | ||
| 999 |
_c95869 _d95869 |
||